Tabela wszech czasów Ligi Europy w piłce nożnej - Statystyki

Ogólne statystyki
  • Ten quiz został rozwiązany 29 razy
  • Średni wynik to 10 z 20
Statystyki odpowiedzi
Miejsce Punkty Klub % Poprawnych
5 278 Sevilla FC
90%
1 323 AS Roma
72%
4 309 Tottenham Hotspur
72%
11 245 Bayer 04 Leverkusen
62%
12 242 Benfica Lizbona
62%
3 313 Sporting Lizbona
62%
14 231 FC Liverpool
59%
9 248 Juventus Turyn
59%
6 270 Ajax Amsterdam
55%
2 319 Inter Mediolan
55%
8 256 PSV Eindhoven
55%
15 228 Valencia CF
55%
16 215 Feyenoord Rotterdam
52%
17 212 Athletic Bilbao
45%
7 261 Lazio Rzym
45%
20 209 Club Brugge
28%
19 210 Eintracht Frankfurt
28%
13 241 RSC Anderlecht
28%
18 211 VfB Stuttgart
17%
10 247 Villarreal CF
17%
Nie znaleziono quizów pasujących do podanych kryteriów
Rozkład punktacji
Procent ludzi z każdym wynikiem
Percentyl według liczby udzielonych odpowiedzi
Twoja historia wyników
Nie rozwiązałeś tego quizu